[Event "BCF-ch"]
[Site "Chester"]
[Date "1979.??.??"]
[Round "4"]
[White "Chandler, Murray G"]
[Black "Hall, John"]
[Result "0-1"]
[WhiteElo "2380"]
[BlackElo "2200"]

1.d4 Nf6 2.c4 c5 3.d5 e6 4.Nc3 exd5 5.cxd5 d6 6.Nf3 g6 7.Nd2 Nbd7 8.e4 Bg7
9.Nc4 Nb6 10.Ne3 O-O 11.Bd3 a6 12.a4 Rb8 13.O-O Na8 14.a5 Nc7 15.f4 Re8 16.Qf3 Bd7
17.Nc4 Bb5 18.Bd2 Bxc4 19.Bxc4 b5 20.axb6 Rxb6 21.b3 Nb5 22.Bxb5 axb5 23.Rae1 Nd7
24.Qd3 c4 25.bxc4 Nc5 26.Qc2 bxc4 27.Nd1 Ra6 28.Nf2 Ra4 29.Bc3 Bxc3 30.Qxc3 Qa5
31.Qf6 Qb6 32.Rb1 Nxe4 33.Rxb6 Nxf6 34.Rxd6 Kg7 35.Rc1 Re2 36.g3 Raa2 37.Nd1 Re1+  0-1

[Event "Marshall op"]
[Site "New York"]
[Date "1979.??.??"]
[Round "3"]
[White "Kaufman, Larry C"]
[Black "Shamkovich, Leonid"]
[Result "0-1"]
[WhiteElo "2390"]
[BlackElo "2495"]

1.d4 Nf6 2.c4 e6 3.Nf3 c5 4.d5 exd5 5.cxd5 d6 6.Nc3 g6 7.e4 Bg7 8.Bg5 h6
9.Bh4 a6 10.Nd2 b5 11.Be2 O-O 12.Qc2 Re8 13.O-O Bb7 14.Rae1 c4 15.a4 Qb6
16.axb5 axb5 17.b3 cxb3 18.Qxb3 Nbd7 19.Bxb5 Qc7 20.Nc4 Rec8 21.Rc1 Nc5 22.Qc2 Nh5
23.f3 Nf4 24.Ne2 Nxe2+ 25.Qxe2 Nb3 26.Rcd1 Nd4 27.Rxd4 Bxd4+ 28.Kh1 Qc5 29.Nd2 Ra2
30.Nb3 Qa3 31.Qd1 Qb2  0-1

[Event "Marshall op"]
[Site "New York"]
[Date "1979.??.??"]
[Round "7"]
[White "Goodman, David SC"]
[Black "Ostojic, Predrag"]
[Result "1/2-1/2"]
[WhiteElo "2340"]
[BlackElo "2410"]

1.d4 Nf6 2.c4 e6 3.Nf3 c5 4.d5 exd5 5.cxd5 d6 6.Nc3 g6 7.Nd2 Bg7 8.Nc4 O-O
9.Bg5 Qe7 10.e3 h6 11.Bf4 Rd8 12.Be2 Na6 13.O-O Nc7 14.a4 b6 15.Rc1 Ba6 16.b3 Bxc4
17.bxc4 Na6 18.Bg3 Nb4 19.Bf3 Nd7 20.e4 h5 21.Qd2 Be5 22.Be2 Bxg3 23.hxg3 Nf6
24.Bd3 Qe5 25.Bb1 a6 26.Rcd1 Nd7 27.Qe3 Qg7 28.f4 Re8 29.e5 dxe5 30.f5 Nf6
31.Ne4 g5 32.Nxg5 Qh6 33.Qd2 Kg7 34.Ne4 Qxd2 35.Rxd2 a5 36.Nxf6 Kxf6 37.d6 Red8
38.d7 Ra7 39.Rfd1 Ke7 40.f6+ Kxf6 41.Rd6+ Ke7 42.Bf5 Rc7 43.Rxb6 Nc6 44.Rd5 Nd4
45.Rxe5+ Kf8 46.Bh3 Ne6 47.Bxe6 fxe6 48.Rbxe6 Rdxd7 49.Rxh5 Rd1+ 50.Kh2 Ra1
51.Ree5 Rxa4 52.Reg5 Rxc4 53.Rh8+ Kf7 54.Rgh5 Re7 55.R5h6 a4 56.Ra6 Re6 57.Ra7+ Kf6
58.Rh5 Kg6 59.Rd5 Rc6 60.Rd3 Rb4 61.Ra3 c4 62.R7xa4 Rxa4 63.Rxa4 c3 64.Ra1 Kf5
65.g4+ Kxg4 66.Kg1 Kg3 67.Kf1 Rf6+ 68.Ke2 Rf2+ 69.Kd3 c2 70.Rc1 Kxg2 71.Rxc2  1/2-1/2

[Event "Sochi"]
[Site "Sochi"]
[Date "1979.??.??"]
[Round "?"]
[White "Moehring, Guenther"]
[Black "Barczay, Laszlo"]
[Result "1/2-1/2"]
[WhiteElo "2400"]
[BlackElo "2470"]

1.d4 Nf6 2.c4 c5 3.d5 e6 4.Nc3 exd5 5.cxd5 d6 6.Nf3 g6 7.e4 Bg7 8.Bg5 a6
9.Nd2 h6 10.Bh4 b5 11.Be2 O-O 12.Qc2 Re8 13.O-O b4 14.Na4 Bd7 15.Rae1 Bb5
16.f4 Nbd7 17.b3 Qc7 18.Bc4 Ng4 19.e5 g5 20.h3 gxh4 21.hxg4 dxe5 22.Ne4 Bxc4
23.bxc4 exf4 24.d6 Qc6 25.g5 hxg5 26.Nxg5 Qxd6 27.Qh7+ Kf8 28.Rd1 Bd4+ 29.Kh1 Qg6
30.Nxc5 Nxc5 31.Qxg6 fxg6 32.Rxf4+ Kg8  1/2-1/2

[Event "SWE-ch"]
[Site "?"]
[Date "1979.??.??"]
[Round "?"]
[White "Svensson, Bengt"]
[Black "Karlsson, Lars"]
[Result "1/2-1/2"]
[WhiteElo "2200"]
[BlackElo "2375"]

1.d4 Nf6 2.c4 e6 3.Nf3 c5 4.d5 exd5 5.cxd5 d6 6.Nc3 g6 7.e4 Bg7 8.Bg5 h6
9.Bh4 g5 10.Bg3 Nh5 11.Bb5+ Kf8 12.e5 a6 13.Bd3 dxe5 14.Bxe5 g4 15.Bxg7+ Kxg7
16.Nd2 Re8+ 17.Be2 Nf4 18.O-O Nxe2+ 19.Nxe2 Qxd5 20.Nf4 Qg5 21.g3 Nc6 22.h4 gxh3
23.Nf3 Bg4 24.Nxg5 Bxd1 25.Nxf7 Bf3 26.Nd6 Re5 27.Rfe1 Rd8 28.Nc4 Rxe1+ 29.Rxe1 Nd4
30.Ne5 Re8 31.Re3 Bg2 32.Nh5+ Kf8 33.f4 Nf3+ 34.Kf2 Nxe5 35.fxe5 Bc6 36.Kg1 Rd8
37.Kh2 Rd2+ 38.Kxh3 Rxb2 39.e6 Ke7 40.Ng7 Rb4 41.Nf5+ Kf6 42.Nd6 Rd4 43.Nxb7 Bxb7
44.e7 Bc8+ 45.Kg2 Rd2+ 46.Kf3 Bb7+ 47.Kg4 h5+ 48.Kxh5 Bc8 49.e8=N+ Kf7 50.a4 c4
51.Nc7 Rd3 52.Re4 c3 53.Rc4 Rxg3 54.Nd5 Bd7 55.Nxc3 Ke7  1/2-1/2

[Event "URS-ch (Women)"]
[Site "Tbilisi"]
[Date "1979.??.??"]
[Round "15"]
[White "Minogina, Tanam"]
[Black "Levitina, Irina S"]
[Result "0-1"]
[WhiteElo "2000"]
[BlackElo "2280"]

1.d4 Nf6 2.c4 c5 3.d5 e6 4.Nf3 exd5 5.cxd5 d6 6.Nc3 g6 7.Nd2 Nbd7 8.e4 a6
9.a4 Bg7 10.Nc4 Nb6 11.Ne3 O-O 12.Bd3 Qc7 13.a5 Nbd7 14.O-O Re8 15.Qc2 Ne5
16.Be2 Nfg4 17.Bxg4 Nxg4 18.Nc4 Ne5 19.Ne3 Qe7 20.f3 Rb8 21.Bd2 b5 22.axb6 Rxb6
23.h3 Rb8 24.f4 Nd7 25.e5 dxe5 26.f5 e4 27.Rf4 Nf6 28.g4 Qe5 29.Ng2 gxf5
30.gxf5 Bxf5 31.Rxa6 Bg6 32.Rfxf6 Bxf6 33.Bf4 Qf5 34.Qf2 Bd4 35.Ne3 Rxb2
36.Nxf5 Bxf2+ 37.Kf1 Bxf5  0-1

[Event "URS Spartakiad"]
[Site "URS"]
[Date "1979.??.??"]
[Round "?"]
[White "Alieva, Elvira"]
[Black "Akhmilovskaya, Elena"]
[Result "1-0"]
[WhiteElo "2000"]
[BlackElo "2295"]

1.d4 Nf6 2.c4 c5 3.d5 e6 4.Nc3 exd5 5.cxd5 d6 6.Nf3 g6 7.g3 Bg7 8.Bg2 O-O
9.O-O a6 10.a4 Nbd7 11.h3 Re8 12.Nd2 Rb8 13.Nc4 Nb6 14.Na3 Bd7 15.Kh2 Nc8
16.Qd3 Qc7 17.Rb1 Nb6 18.b3 c4 19.Nxc4 Nxc4 20.Qxc4 Qxc4 21.bxc4 Rec8 22.Bf4 Bf8
23.Rb4 a5 24.Rb6 Rxc4 25.Nb5 Bxb5 26.Rxb5 b6 27.Rfb1 Nd7 28.Be3 Rxa4 29.Bxb6 Nxb6
30.Rxb6 Rxb6 31.Rxb6 Ra2 32.Bf3 a4 33.Ra6 a3 34.Kg2 h5 35.Ra8 Kg7 36.e3 Be7
37.Bd1 Rd2 38.Bb3 Bf6 39.Bc4 Rc2 40.Bb3 Rc3 41.Ba2 h4 42.g4 Be5 43.Ra4 Rc2
44.Bb3 Rb2 45.Rxa3 Bg3 46.Ra2 Rxb3 47.fxg3 Rxe3 48.gxh4 Rd3 49.Ra5 Kf6 50.g5+ Ke5
51.Ra7 f5 52.Rg7 Kf4 53.Rxg6 Rd2+ 54.Kf1 Rxd5 55.Re6 Re5 56.Rxe5 Kxe5 57.h5 Ke6
58.Ke2 Kf7 59.Ke3 d5 60.h6 Kg6 61.h4 Kh7 62.h5 Kh8 63.g6 Kg8 64.h7+ Kg7 65.h6+ Kh8
66.Kf3  1-0

[Event "Berlin tt"]
[Site "Berlin-West"]
[Date "1980.??.??"]
[Round "?"]
[White "Hoi, Carsten"]
[Black "Van Baarle, C John"]
[Result "1-0"]
[WhiteElo "2410"]
[BlackElo "2340"]

1.d4 Nf6 2.c4 c5 3.d5 e6 4.Nc3 exd5 5.cxd5 d6 6.Nf3 g6 7.e4 Bg7 8.Bg5 h6
9.Bh4 g5 10.Bg3 Nh5 11.Bb5+ Kf8 12.e5 Nxg3 13.fxg3 g4 14.O-O a6 15.Bd3 gxf3
16.Qxf3 Qd7 17.e6 Bd4+ 18.Kh1 Qe7 19.Qxf7+ Qxf7 20.Rxf7+ Ke8 21.Bg6 Kd8 22.e7+ Kd7
23.Re1 Be5 24.Rxe5 dxe5 25.Ne4 Nc6 26.Bf5+ Ke8 27.Nd6+  1-0

[Event "Budapest"]
[Site "Budapest"]
[Date "1980.??.??"]
[Round "?"]
[White "Petran, Pal"]
[Black "Barczay, Laszlo"]
[Result "0-1"]
[WhiteElo "2445"]
[BlackElo "2450"]

1.d4 Nf6 2.c4 c5 3.d5 e6 4.Nc3 exd5 5.cxd5 d6 6.Nf3 g6 7.Nd2 Bg7 8.Nc4 O-O
9.Bg5 h6 10.Bf4 Na6 11.Bxd6 Re8 12.Bg3 Nb4 13.e3 Bf5 14.Rc1 Ne4 15.Nxe4 Bxe4
16.a3 Nxd5 17.Be2 Bxg2 18.Rg1 Bh3 19.Bf3 Bd4 20.Qb3 b5 21.Nd6 Bxe3 22.Qxd5 Bxc1+
23.Kd1 Be6 24.Qxa8 Bg5 25.Kc2 Qxa8 26.Bxa8 Rxa8 27.Nxb5 Rd8 28.Nd6 Bf6 29.Ne4 Bd4
30.Rd1 Bf5 31.f3 Re8 32.Re1 Bxe4+ 33.fxe4 f5 34.exf5 Rxe1 35.Bxe1 gxf5 36.b4 f4
37.Kd3 f3 38.Bg3 Kf7 39.b5 Ke6 40.a4 Kd5 41.a5 c4+  0-1

[Event "HUN-ch"]
[Site "Budapest"]
[Date "1980.??.??"]
[Round "?"]
[White "Rajna, George"]
[Black "Horvath, Tamas"]
[Result "0-1"]
[WhiteElo "2400"]
[BlackElo "2350"]

1.d4 Nf6 2.Nf3 c5 3.d5 e6 4.c4 exd5 5.cxd5 d6 6.Nc3 g6 7.e4 Bg7 8.Be2 O-O
9.O-O Re8 10.Nd2 Nbd7 11.f4 a6 12.a4 Rb8 13.Qc2 Qc7 14.Kh1 c4 15.Nf3 Nc5
16.e5 Nb3 17.Ra3 Bf5 18.Qd1 Ne4 19.Be3 Nxc3 20.bxc3 Rbd8 21.a5 Nxa5 22.Qa4 b6
23.Qb4 Rb8 24.exd6 Qd8 25.Ne5 Bxe5 26.d7 Qxd7 27.fxe5 Rxe5 28.Rxa5 Rxe3 29.Bxc4 Re4
30.Rxa6 b5 31.Rc6 Rb7 32.Ra1 Ra7 33.Rca6 Rxa6 34.Rxa6  0-1

[Event "FRG-chT"]
[Site "Germany"]
[Date "1980.??.??"]
[Round "?"]
[White "Steinbacher, Matthias"]
[Black "Lau, Ralf"]
[Result "0-1"]
[WhiteElo "2265"]
[BlackElo "2410"]

1.d4 Nf6 2.c4 c5 3.d5 e6 4.Nc3 exd5 5.cxd5 d6 6.Nf3 g6 7.Bf4 a6 8.e4 Bg7
9.Qa4+ Bd7 10.Qb3 Bc8 11.Nd2 Nh5 12.Be3 b5 13.a4 b4 14.Ncb1 O-O 15.Be2 f5
16.exf5 Bxf5 17.Nc4 Be4 18.Nbd2 Bxd5 19.Bf3 Rxf3 20.Nxf3 Nc6 21.a5 Qe7 22.O-O Qf7
23.Rfc1 Nf4 24.Bxf4 Qxf4 25.Qe3 Qxe3 26.fxe3 Bxc4 27.Rxc4 Bxb2 28.Rd1 Rd8
29.e4 Bf6 30.e5 Nxa5 31.Rcc1 dxe5 32.Rxd8+ Bxd8 33.Rd1 Bb6 34.Nxe5 c4+ 35.Kf1 c3  0-1

[Event "DSV-Turnier"]
[Site "Leipzig"]
[Date "1980.??.??"]
[Round "1"]
[White "Meduna, Eduard"]
[Black "Boensch, Uwe"]
[Result "1-0"]
[WhiteElo "2405"]
[BlackElo "2450"]

1.d4 Nf6 2.c4 c5 3.d5 e6 4.Nc3 exd5 5.cxd5 d6 6.Nf3 g6 7.Nd2 Nbd7 8.e4 a6
9.a4 Bg7 10.Be2 O-O 11.O-O Re8 12.f4 Rb8 13.Kh1 Nb6 14.Bf3 Bd7 15.Re1 h5
16.f5 Qe7 17.a5 Nc8 18.Rf1 gxf5 19.Bxh5 Ng4 20.Nf3 Bd4 21.Nxd4 cxd4 22.Qxd4 Qe5
23.Qxe5 Nxe5 24.exf5 Nd3 25.Bd2 Nxb2 26.Rf3 Nc4 27.Rg3+ Kh7 28.Bxf7 Nxd2
29.Bxe8 Bxe8 30.Rd1 Nc4  1-0

[Event "DSV-Turnier"]
[Site "Leipzig"]
[Date "1980.??.??"]
[Round "7"]
[White "Meduna, Eduard"]
[Black "Gruenberg, Hans Ulrich"]
[Result "0-1"]
[WhiteElo "2405"]
[BlackElo "2385"]

1.d4 Nf6 2.c4 e6 3.Nf3 c5 4.d5 exd5 5.cxd5 d6 6.Nc3 g6 7.Nd2 Nbd7 8.e4 Bg7
9.Be2 O-O 10.O-O Re8 11.f4 c4 12.e5 dxe5 13.Nxc4 Nb6 14.fxe5 Ng4 15.Bxg4 Nxc4
16.Be2 Bxe5 17.Bxc4 Qh4 18.h3 Bxh3 19.Ne2 Bg4 20.Bf4 Bxe2 21.g3 Bxf4 22.gxh4 Bxd1
23.Rxf4 Be2 24.Bb3 f5 25.d6+ Kf8 26.a4 Rad8 27.Rd4 Bf3 28.a5 Re4 29.Rd3 Be2
30.Rd2 Bc4 31.Ba4 Rxh4 32.d7 a6 33.Rc1 Re4 34.b3 Re2 35.Rxe2 Bxe2 36.Re1 Bb5
37.Bxb5 axb5 38.Re5 b4  0-1

[Event "Lone Pine"]
[Site "Lone Pine"]
[Date "1980.??.??"]
[Round "1"]
[White "Youngworth, Perry"]
[Black "Peters, John A"]
[Result "0-1"]
[WhiteElo "2290"]
[BlackElo "2465"]

1.d4 Nf6 2.c4 e6 3.Nf3 c5 4.d5 exd5 5.cxd5 d6 6.Nc3 g6 7.g3 Bg7 8.Bg2 O-O
9.O-O Re8 10.Nd2 Nbd7 11.h3 a6 12.a4 Rb8 13.a5 b5 14.axb6 Nxb6 15.e4 Nfd7
16.f4 c4 17.Nf3 Nc5 18.e5 Nb3 19.Ra3 Nxc1 20.Qxc1 Nd7 21.e6 Nc5 22.f5 gxf5
23.Ng5 fxe6 24.Nxe6 Nxe6 25.dxe6 Qb6+ 26.Rf2 Bxe6 27.Kf1 Kh8 28.Qd1 Be5 29.Na4 Qc7
30.Bd5 Qf7 31.Bxe6 Qxe6 32.Qh5 Bd4 33.Re2 Qxe2+ 34.Qxe2 Rxe2 35.Kxe2 Bxb2
36.Rf3 Be5  0-1

[Event "Los Polvorines op"]
[Site "Los Polvorines"]
[Date "1980.??.??"]
[Round "?"]
[White "Barbero, Gerardo F"]
[Black "Rivera, Daniel"]
[Result "1-0"]
[WhiteElo "2200"]
[BlackElo "2205"]

1.d4 Nf6 2.Nf3 c5 3.d5 e6 4.c4 exd5 5.cxd5 d6 6.Nc3 g6 7.g3 Bg7 8.Bg2 O-O
9.O-O Re8 10.Bf4 Ne4 11.Nxe4 Rxe4 12.Nd2 Rb4 13.a3 Rxf4 14.gxf4 Bxb2 15.Ra2 Bg7
16.a4 Na6 17.Nc4 Nb4 18.Ra3 b6 19.Qc1 Qf6 20.Re3 Bb7 21.Rd1 Rd8 22.Rh3 Bc8
23.Rg3 h5 24.h3 Bh6 25.Rf3 Bf5 26.Ne3 Be4 27.Rg3 Qxf4 28.Bxe4 Qxe4 29.Qc4 Re8
30.Qb5 Bf4 31.Rf3 Re5 32.Qd7 Rg5+ 33.Kf1 Nxd5 34.Nxd5 Rxd5 35.Rxd5 Qxd5 36.Qxa7 g5
37.Kg1 Qd1+ 38.Kg2 Qxe2 39.Qxb6 Qe4 40.Qa6 c4 41.Qc8+ Kg7 42.a5 f5 43.a6 d5
44.Qb7+ Kg6 45.Qb6+ Kh7 46.a7 g4 47.Qb7+ Kg6 48.Qa6+ Kf7 49.Qa3 Bd6 50.Qxd6 Qxf3+
51.Kg1 gxh3 52.Qg3 Qd1+ 53.Kh2 Qa1 54.Qc7+ Kg6 55.Qc6+ Kg5 56.a8=Q Qe5+ 57.Kxh3  1-0

[Event "ARG-ch"]
[Site "Quilmes"]
[Date "1980.??.??"]
[Round "5"]
[White "Bronstein, Luis"]
[Black "Emma, Jaime"]
[Result "1/2-1/2"]
[WhiteElo "2420"]
[BlackElo "2440"]

1.d4 Nf6 2.c4 e6 3.Nf3 c5 4.d5 exd5 5.cxd5 d6 6.Nc3 a6 7.a4 g6 8.Bf4 Bg7
9.e4 O-O 10.Be2 Bg4 11.O-O Re8 12.Nd2 Bxe2 13.Qxe2 Nh5 14.Be3 Nd7 15.g4 Nhf6
16.f3 Rb8 17.a5 b5 18.axb6 Nxb6 19.Kh1 h5 20.g5 Nh7 21.f4 Qe7 22.e5 Bxe5
23.fxe5 Qxe5 24.Qf3 Qxe3 25.Qxf7+ Kh8 26.Rae1 Qxe1 27.Rxe1 Rxe1+ 28.Kg2 Rf8
29.Qb7 Na4 30.Nf3 Re3 31.Nh4 Rg8 32.Nxa4 Re4 33.Qxa6 Rxh4 34.Qxd6 Rg4+ 35.Kf2 Rf8+
36.Ke3 Re8+ 37.Kd3 Rxa4 38.Qxg6 Rd4+ 39.Kc3 Re3+ 40.Kc2 Re2+ 41.Kc3 Re3+  1/2-1/2

[Event "Skien op"]
[Site "Skien"]
[Date "1980.??.??"]
[Round "7"]
[White "Goodman, David SC"]
[Black "Wahlbom, Magnus"]
[Result "1-0"]
[WhiteElo "2375"]
[BlackElo "2365"]

1.d4 Nf6 2.c4 e6 3.Nf3 c5 4.d5 exd5 5.cxd5 d6 6.Nc3 g6 7.Nd2 Nbd7 8.e4 Bg7
9.Be2 O-O 10.O-O Re8 11.a4 a6 12.Qc2 Ne5 13.b3 Rb8 14.Bb2 g5 15.a5 g4 16.Na4 Nfd7
17.Bc3 Qg5 18.Rae1 Qf4 19.g3 Qh6 20.Bxe5 Nxe5 21.Nb6 Qg6 22.Nxc8 Rbxc8 23.Nc4 Nxc4
24.Bxc4 Bd4 25.Kg2 Re5 26.f4 gxf3+ 27.Rxf3 Rce8 28.Bd3 Qg7 29.Ref1 R5e7 30.Qd1 Be5
31.Rf5 Kh8 32.Qf3 f6 33.Rh5 Rg8 34.Bb1 Qg6 35.Kh1 Reg7 36.Bc2 Qe8 37.Bd1 Qd8
38.Qd3 Qxa5 39.Bf3 Qa2 40.Bg2 Bxg3 41.hxg3 Rxg3 42.Bf3 R8g6 43.e5 dxe5 44.d6 Rg7
45.Qf5 Qd2 46.Be4 R3g6 47.Qc8+ Rg8 48.Qxb7 R8g7 49.Qc8+ Rg8 50.Qd7 Rg1+ 51.Rxg1 Rxg1+
52.Kxg1 Qe1+ 53.Kh2 Qf2+ 54.Bg2 Qf4+ 55.Kg1 Qe3+ 56.Kf1 Qd3+ 57.Kf2 Qd2+
58.Kf3 e4+ 59.Kxe4 Qxg2+ 60.Kf5 Qg6+ 61.Ke6 Qxh5 62.Qd8+ Kg7 63.Qxf6+ Kg8
64.Ke7  1-0

[Event "SWE-ch"]
[Site "?"]
[Date "1980.??.??"]
[Round "?"]
[White "Renman, Nils Gustaf"]
[Black "Cramling, Dan"]
[Result "1/2-1/2"]
[WhiteElo "2425"]
[BlackElo "2330"]

1.d4 Nf6 2.Nf3 e6 3.c4 c5 4.d5 exd5 5.cxd5 d6 6.Nc3 g6 7.e4 Bg7 8.Be2 O-O
9.Nd2 Na6 10.O-O Nc7 11.a4 Rb8 12.f3 b6 13.Kh1 a6 14.Nc4 b5 15.axb5 axb5
16.Na5 Bd7 17.Bf4 b4 18.Nb1 Nb5 19.Nc4 Nh5 20.Be3 f5 21.Nbd2 f4 22.Bf2 Qg5
23.Qe1 Nd4 24.Ra7 Bb5 25.Bd3 Rfe8 26.Kg1 Nf5 27.exf5 Rxe1 28.Rxe1 gxf5 29.Ree7 Bf8
30.Rf7 Nf6 31.Bxf5 Bxc4 32.Be6 Bxd5 33.Rg7+ Kh8 34.Rxg5 Bxe6 35.Ne4 Nxe4
36.fxe4 Bh6 37.Rh5 Bg7 38.e5 dxe5 39.Bxc5 Bc4 40.Rg5 Bf6 41.Rh5  1/2-1/2

[Event "CSR-ch"]
[Site "Trnava"]
[Date "1980.??.??"]
[Round "1"]
[White "Lechtynsky, Jiri"]
[Black "Mista, Ladislav"]
[Result "1-0"]
[WhiteElo "2450"]
[BlackElo "2360"]

1.Nf3 Nf6 2.d4 c5 3.d5 e6 4.c4 exd5 5.cxd5 d6 6.Nc3 g6 7.Bg5 Bg7 8.e3 O-O
9.Nd2 h6 10.Bh4 Na6 11.Nc4 Nc7 12.a4 Re8 13.Be2 b6 14.O-O Bb7 15.e4 g5 16.Bg3 Nxe4
17.Nxe4 Rxe4 18.Nxd6 Rd4 19.Nxb7 Qxd5 20.Bf3 Rxd1 21.Rfxd1 Qb3 22.Bxc7 Rc8
23.Bg3 Bxb2 24.Rab1 c4 25.Nd6 c3 26.Nxc8 c2 27.Nd6 Qxa4 28.h3 cxb1=Q 29.Rxb1 Qc2
30.Re1 f5 31.Bd5+ Kg7 32.Re7+ Kg6 33.Bf7+ Kf6 34.Re6+ Kg7 35.Bg6 Bf6 36.Bxf5 Qd1+
37.Kh2 Bd8 38.Be5+  1-0

[Event "Yerevan"]
[Site "Yerevan"]
[Date "1980.??.??"]
[Round "1"]
[White "Petrosian, Arshak B"]
[Black "Karlsson, Lars"]
[Result "1-0"]
[WhiteElo "2435"]
[BlackElo "2405"]

1.d4 Nf6 2.c4 e6 3.Nf3 c5 4.d5 exd5 5.cxd5 d6 6.Nc3 g6 7.Nd2 a6 8.a4 Bg7
9.Nc4 O-O 10.Bf4 Ne8 11.Ne4 Nd7 12.Bxd6 Nxd6 13.Nexd6 Rb8 14.a5 b5 15.axb6 Nxb6
16.Qd2 Nxc4 17.Nxc4 Rb4 18.e3 Bb7 19.Rd1 Qh4 20.Qc2 Rd8 21.g3 Qh5 22.Bg2 Rxd5
23.Bxd5 Bxd5 24.g4 Qxg4 25.Rxd5 Rxc4 26.Rd8+ Bf8 27.Qd1 Qg2 28.Rf1 Qxh2 29.b3 Rb4
30.Qd5 Qh6 31.Ke2 c4 32.Rh1 Qg7 33.Rh4 Qb2+ 34.Kf3 Rxb3 35.Rd7 Qg7 36.Rf4 Rb5
37.Qxc4 Rf5 38.Rxf5 gxf5 39.Qf4 Qg6 40.Rd5 a5 41.Rxf5 Bd6  1-0

[Event "Bangalore"]
[Site "Bangalore"]
[Date "1981.??.??"]
[Round "2"]
[White "Filip, Miroslav"]
[Black "Prasad, Devaki V"]
[Result "1-0"]
[WhiteElo "2490"]
[BlackElo "2300"]

1.d4 Nf6 2.c4 e6 3.Nf3 c5 4.d5 exd5 5.cxd5 d6 6.Nc3 g6 7.e4 Bg7 8.Be2 O-O
9.Nd2 Qe7 10.O-O a6 11.a4 Nbd7 12.Qc2 Ne8 13.Nc4 Rb8 14.Bd2 Ne5 15.Nb6 Qc7
16.a5 Nd7 17.Nca4 Nxb6 18.Nxb6 Nf6 19.Bc3 Qe7 20.f3 Nd7 21.Bxg7 Kxg7 22.Nc4 Ne5
23.b4 Nxc4 24.Qxc4 cxb4 25.Qxb4 Bd7 26.Rac1 Bb5 27.Bxb5 axb5 28.Qxb5 Rfc8
29.Qb2+ Kg8 30.Qb6 Ra8 31.h3 Rab8 32.Rfe1 Qe5 33.Rxc8+ Rxc8 34.Qxb7 Rc2 35.Kh1 Rb2
36.Qc8+ Kg7 37.a6 Ra2 38.Qc4 Qb2 39.Rg1 h5 40.e5 dxe5 41.d6 Ra3 42.d7  1-0

[Event "Elekes mem-B"]
[Site "Budapest"]
[Date "1981.??.??"]
[Round "?"]
[White "Blaeser, P."]
[Black "Glatt, Gabor"]
[Result "1-0"]
[WhiteElo "2200"]
[BlackElo "2300"]

1.d4 Nf6 2.c4 c5 3.d5 e6 4.Nc3 exd5 5.cxd5 d6 6.Nf3 g6 7.Bg5 Bg7 8.e3 h6
9.Bh4 a6 10.a4 g5 11.Bg3 Nh5 12.Nd2 Nxg3 13.hxg3 Nd7 14.Nde4 Qe7 15.Be2 O-O
16.g4 Nf6 17.Nxf6+ Qxf6 18.Qd3 Bd7 19.O-O b5 20.axb5 axb5 21.Nxb5 Rab8 22.Na7 Rxb2
23.Nc6 Rfb8 24.Nxb8 Bb5 25.Ra8 Bf8 26.Qxb5 Rxb5 27.Bxb5 Qb2 28.Ba6 Kg7 29.Nd7 Be7
30.Re8 Bf6 31.Nxf6 Kxf6 32.f4 Qa2 33.fxg5+ Kxg5 34.Rg8+ Kh4 35.Rf3  1-0

[Event "Budva zt"]
[Site "Budva"]
[Date "1981.??.??"]
[Round "2"]
[White "Attard, Wilfred"]
[Black "Hulak, Krunoslav"]
[Result "0-1"]
[WhiteElo "2225"]
[BlackElo "2475"]

1.d4 Nf6 2.c4 c5 3.d5 e6 4.Nc3 exd5 5.cxd5 d6 6.Nf3 g6 7.Nd2 Bg7 8.Nc4 O-O
9.Bg5 h6 10.Bh4 b6 11.e3 Ba6 12.a4 Bxc4 13.Bxc4 Nbd7 14.O-O Re8 15.Bb5 a6
16.Bxd7 Qxd7 17.Qd3 Ng4 18.Bg3 f5 19.b3 Ne5 20.Qc2 b5 21.Rab1 Rac8 22.Ne2 b4
23.Bxe5 Bxe5 24.Qd3 a5 25.Rbc1 Qf7 26.Rc4 Rc7 27.g4 Kh8 28.Nf4 Bxf4 29.Rxf4 Re5
30.e4 Rxe4 31.Rxe4 fxe4 32.Qxe4 Re7 33.Qd3 Re5 34.Rd1 Kg7 35.Kg2 Qf4 36.Qf3 Qg5
37.Kg3 h5 38.h4 hxg4 39.Qxg4 Qxg4+ 40.Kxg4 Re4+ 41.f4 Re3 42.h5 gxh5+ 43.Kf5 Kf7
44.Kg5 Rxb3 45.Kxh5 Re3 46.Kg5 b3 47.Kf5 b2 48.Rh1 Rh3 49.Rb1 Rb3  0-1

[Event "Budva zt"]
[Site "Budva"]
[Date "1981.??.??"]
[Round "7"]
[White "Rajkovic, Dusan"]
[Black "Hulak, Krunoslav"]
[Result "1/2-1/2"]
[WhiteElo "2470"]
[BlackElo "2475"]

1.d4 Nf6 2.c4 e6 3.Nf3 c5 4.d5 exd5 5.cxd5 d6 6.Nc3 g6 7.Nd2 Bg7 8.e4 O-O
9.Be2 Re8 10.O-O Nbd7 11.a4 Ne5 12.Ra3 g5 13.Qc2 Ng6 14.Nc4 Nf4 15.Bf3 Qe7
16.Bxf4 gxf4 17.Qd2 Bh6 18.Nb5 Rd8 19.Re1 Ng4 20.Bxg4 Bxg4 21.e5 dxe5 22.Nxe5 Qg5
23.Nxg4 Qxg4 24.Rf3 a6 25.Nc3 Rd6 26.h3 Qh5 27.Qe2 Rg6 28.Rd3 Qxe2 29.Rxe2 c4
30.Rf3 Rd8 31.a5 b5 32.axb6 Rxb6 33.Rd2 Kf8 34.h4 Rdb8 35.Rd4 Rxb2 36.Rxc4 Rc2
37.Rc6 Bg7 38.Ne4 Re2 39.Nf6 Bxf6 40.Rxf6 Rb4 41.Rxa6 Rd2 42.Rf6 Rd1+ 43.Kh2 Rxd5
44.R3xf4 Rxf4 45.Rxf4 Kg7 46.Rg4+ Kh8 47.Rg5 Rd4 48.h5 h6 49.Rc5 Kg7 50.Kg3 Rb4
51.f4 Rb3+ 52.Kg4 Rb2 53.g3 Rb3 54.Rc6 Rb1 55.Rd6 Rh1 56.Rc6 Rb1 57.Rc5 Rb3
58.Rc4 Ra3 59.Rb4 Ra1 60.Rd4 Rb1 61.Rd5 Rb3 62.Kh3 Ra3 63.Re5 Kf6 64.Kg2 Kg7
65.Kf2 Ra2+ 66.Kf3 Ra3+ 67.Re3 Ra1 68.Rd3 Re1 69.Rd6 Rh1 70.g4 Ra1 71.Ke4 Ra4+
72.Ke5 Ra5+ 73.Rd5 Ra6 74.f5 Rb6 75.Rd6 Rb5+ 76.Kf4 Rb4+ 77.Kg3 Rb3+ 78.Kh4 Rf3
79.Rc6 Kh7  1/2-1/2

[Event "Budva zt"]
[Site "Budva"]
[Date "1981.??.??"]
[Round "11"]
[White "Trikaliotis, Georgios"]
[Black "Cebalo, Miso"]
[Result "1/2-1/2"]
[WhiteElo "2345"]
[BlackElo "2500"]

1.d4 Nf6 2.Nf3 e6 3.c4 c5 4.d5 exd5 5.cxd5 d6 6.Nc3 g6 7.g3 Bg7 8.Bg2 O-O
9.O-O a6 10.a4 Nbd7 11.Nd2 Re8 12.h3 Rb8 13.Nc4 Nb6 14.Na3 Bd7 15.Bf4 Qe7
16.a5 Nc8 17.e4 Nh5 18.Bd2 b5 19.axb6 Nxb6 20.Kh2 Bc8 21.Ra2 Nf6 22.f4 Nfd7
23.Re1 Qf8 24.Bf3 Bb7 25.g4 c4 26.Be3 Rbc8 27.Nc2 Nc5 28.Bxc5 Rxc5 29.Rg1 Nd7
30.Nd4 Qe7 31.Nc6 Qh4 32.Qd2 g5 33.Na4 Rb5 34.Nc3 Rb6 35.Nd4 Bxd4 36.Qxd4 gxf4
37.Bd1 Rb8 38.Qd2 Bc8 39.Na4 Rb3 40.Bxb3 Rxb3 41.Nc3 f3 42.Rg3 Ne5 43.Qf4 a5
44.Nd1 Ng6 45.Qxd6 Qg5 46.Qc5 Qd2+ 47.Nf2 Re3 48.b4 Qxa2 49.Qxe3 axb4 50.Rxf3 Qb2
51.Qb6  1/2-1/2

[Event "Caorle op"]
[Site "Caorle"]
[Date "1981.??.??"]
[Round "4"]
[White "Anceschi, Vittorio"]
[Black "Blees, Albert"]
[Result "0-1"]
[WhiteElo "2110"]
[BlackElo "2200"]

1.d4 Nf6 2.c4 e6 3.Nf3 c5 4.d5 exd5 5.cxd5 d6 6.Nc3 g6 7.Nd2 Bg7 8.Nc4 O-O
9.Bf4 Nbd7 10.Bxd6 Re8 11.e3 Nb6 12.Bxc5 Nxc4 13.Bxc4 Qc7 14.b4 Bg4 15.Be2 Bxe2
16.Nxe2 Rad8 17.d6 Qc6 18.O-O b6 19.Bd4 Qxd6 20.Qa4 Ng4 21.g3 Qd5 22.h3 Bxd4
23.Rad1 Nxe3 24.Nf4 Qe5 25.fxe3 Bxe3+ 26.Kg2 Rxd1 27.Qxd1 Bxf4 28.Rxf4 Qe2+
29.Qxe2 Rxe2+ 30.Rf2 Rxf2+ 31.Kxf2 f5 32.b5 Kf7 33.Kf3 Kf6 34.Ke2 Ke5 35.Kf3 g5
36.Ke3 f4+ 37.gxf4+ gxf4+ 38.Kf3 Kf5 39.h4 h5 40.a3 Ke5  0-1

[Event "Caorle op"]
[Site "Caorle"]
[Date "1981.??.??"]
[Round "6"]
[White "Danner, Georg"]
[Black "Lanzani, Mario"]
[Result "1-0"]
[WhiteElo "2690"]
[BlackElo "2125"]

1.d4 Nf6 2.c4 c5 3.d5 e6 4.Nc3 exd5 5.cxd5 d6 6.Nf3 g6 7.Nd2 Bg7 8.Nc4 O-O
9.Bg5 h6 10.Bh4 Qe7 11.e3 Bf5 12.Be2 Rd8 13.O-O g5 14.Bg3 Ne8 15.Bd3 Bxd3
16.Qxd3 Nd7 17.f4 gxf4 18.Rxf4 Rab8 19.Raf1 b5 20.Na5 Ne5 21.Qf5 Rb6 22.Bh4 f6
23.Nc6 Nxc6 24.dxc6 Rxc6  1-0

[Event "Copenhagen-ch"]
[Site "Copenhagen"]
[Date "1981.??.??"]
[Round "9"]
[White "Bjerring, Kai"]
[Black "Poulsen, Allan"]
[Result "1-0"]
[WhiteElo "2325"]
[BlackElo "2400"]

1.d4 Nf6 2.c4 c5 3.d5 e6 4.Nc3 exd5 5.cxd5 d6 6.Nf3 g6 7.Nd2 Bg7 8.Nc4 O-O
9.Bf4 Ne8 10.Qd2 a6 11.a4 Qc7 12.Ne4 Be5 13.Nxe5 dxe5 14.Bh6 Ng7 15.Rc1 Nd7
16.Nxc5 Nxc5 17.b4 Qd7 18.bxc5 Qxa4 19.g3 Bd7 20.Bg2 Rac8 21.O-O Qb5 22.Qc3 f6
23.e4 Rf7 24.Rfe1 Qa4 25.Be3 Be8 26.c6 bxc6 27.Ra1 Qb5 28.Bf1 Qb8 29.Bxa6 Rb7
30.Bxb7 Qxb7 31.Ra7 cxd5 32.Qa3 Qb5 33.Qe7  1-0

[Event "Hamburg op"]
[Site "Hamburg"]
[Date "1981.??.??"]
[Round "2"]
[White "Kunsztowicz, Uwe"]
[Black "Nikolaiczuk, Lothar"]
[Result "1/2-1/2"]
[WhiteElo "2365"]
[BlackElo "2290"]

1.c4 Nf6 2.d4 e6 3.Nc3 c5 4.d5 exd5 5.cxd5 d6 6.Nf3 g6 7.g3 Bg7 8.Bg2 O-O
9.O-O Na6 10.Nd2 Rb8 11.a4 Nc7 12.Nc4 a6 13.Bf4 Nce8 14.Qd2 Qe7 15.Bh6 Ng4
16.Bxg7 Kxg7 17.e4 f6 18.f4 b5 19.axb5 axb5 20.Na5 b4 21.Na4 Bd7 22.h3 Nh6
23.b3 Nf7 24.Rfe1 Nc7 25.Nxc5 dxc5 26.e5 fxe5 27.fxe5 Qg5 28.Qb2 Qxg3 29.e6+ Kg8
30.Nc6 Bxc6 31.exf7+ Rxf7 32.dxc6 Rbf8 33.Rf1 Qe3+ 34.Kh1 Rxf1+  1/2-1/2

[Event "Hamburg op"]
[Site "Hamburg"]
[Date "1981.??.??"]
[Round "3"]
[White "Paulsen, Dirk"]
[Black "Sjoberg, Mats"]
[Result "1-0"]
[WhiteElo "2290"]
[BlackElo "2330"]

1.d4 Nf6 2.c4 c5 3.d5 e6 4.Nc3 exd5 5.cxd5 d6 6.Nf3 g6 7.Bf4 a6 8.a4 Bg7
9.e4 O-O 10.Be2 Nh5 11.Bg5 f6 12.Be3 f5 13.exf5 gxf5 14.Bg5 Qe8 15.O-O h6
16.Bh4 Nf6 17.Nd2 Ne4 18.Ncxe4 fxe4 19.Bh5 Qe5 20.Nc4 Qf4 21.g3 Qf5 22.Nxd6 Qh7
23.Nxc8 Rxc8 24.Qg4  1-0